Předsednictví Rady Evropské unie billboard pro evropskou integraci?

Výskum významu predsedníctva pre predsedajúcu krajinu v dvoch rovinách: a) skúmanie vplyvu predsedníctva na mieru podpory európskej integrácie zo strany občanov predsedajúcej krajiny, b) vplyv predsedníctva na rast informovanosti občanov predsedajúcej krajiny o európskej integrácii. Charakter predse...

ver descrição completa

Na minha lista:
Detalhes bibliográficos
Autor principal: Kaniok, Petr
Formato: Capítulo de Livro
Idioma:tcheco
Assuntos:
Tags: Adicionar Tag
Sem tags, seja o primeiro a adicionar uma tag!

MARC

LEADER 00000naa$a2200000$$$4500
001 0075948
005 20231016095522.8
041 0 |a cze 
044 |a CZ 
245 1 0 |a Předsednictví Rady Evropské unie  |b billboard pro evropskou integraci?  |c Petr Kaniok 
520 |a Výskum významu predsedníctva pre predsedajúcu krajinu v dvoch rovinách: a) skúmanie vplyvu predsedníctva na mieru podpory európskej integrácie zo strany občanov predsedajúcej krajiny, b) vplyv predsedníctva na rast informovanosti občanov predsedajúcej krajiny o európskej integrácii. Charakter predsedníctva jednotlivých krajín. Rok 2002 - predsedníctvo Dánska. Rok 2003 - grécke predsedníctvo. Rok 2004 - írske predsedníctvo. Rok 2005 - luxemburgské predsedníctvo. Rok 2006 - rakúske a fínske predsedníctvo. Rok 2007 - nemecké predsedníctvo. Podpora európskej integrácie v skúmaných krajinách. Informovanosť občanov. 
610 2 0 |a Európska únia 
610 2 0 |a spolupráca hospodárska medzinárodná 
610 2 0 |a integrácia ekonomická medzinárodná 
610 2 0 |a štát 
610 2 0 |a občania 
610 2 0 |a riadenie 
610 2 0 |a výskum 
100 1 |a Kaniok, Petr